000
00350nam a2200145Ia 4500
008
230523s9999 xx 000 0 und d
082
_a
306.09544 CHA
100
_a
Chaudhary, Swasti Mittal
245
0
_a
50 Rajasthanis: Faces of the Community
260
_a
Jaipur
260
_b
Spenta Multimedia
260
_c
2012
300
_a
211
942
_c
DB
999
_c
4585
_d
4585